| 000 | 00000nas 2200000za 4500 |
| 001 | 9.806628 |
| 003 | CaOODSP |
| 005 | 20221107135935 |
| 007 | cr ||||||||||| |
| 008 | 151130d19471948oncmr p oss f000#a0eng|d |
| 022 | |y0837-9343 |
| 040 | |aCaOODSP|beng |
| 043 | |an-cn--- |
| 086 | 1 |aCS72-005E-PDF |
| 245 | 00|aMonthly estimates of Canadian labour income |h[electronic resource] / |cDominion Bureau of Statistics, Department of Trade & Commerce. |
| 260 | |aOttawa : |bThe Bureau, |c1947-1948. |
| 310 | |aMonthly |
| 362 | 0 |aJan. 1946/July 1947-June 1948. |
| 500 | |aDigitized edition from print [produced by Statistics Canada]. |
| 692 | 07|2gccst|aSalaries |
| 710 | 1 |aCanada. |bDominion Bureau of Statistics. |
| 780 | 00|tMonthly estimates of labour income |w(CaOODSP)9.806625 |
| 785 | 00|tMonthly estimates of labour income in Canada |w(CaOODSP)9.806630 |